[Event "POL-chT U19 40th"]
[Site "Chotowa"]
[Date "2009.07.??"]
[Round "9"]
[White "Tokarski, Bartosz"]
[Black "Kowalski, Lukasz"]
[Result "1-0"]
[WhiteElo "2227"]
[BlackElo "2052"]
[PlyCount "103"]
[EventDate "2009.07.06"]
[EventType "team-tourn"]
[EventRounds "9"]
[EventCountry "POL"]
[SourceTitle "EXT 2012"]
[Source "ChessBase"]
[SourceDate "2011.11.24"]
[SourceVersion "1"]
[SourceVersionDate "2011.11.24"]
[SourceQuality "1"]
[WhiteTeam "Jaworzno JKSz MCKiS U19"]
[BlackTeam "Skierniewice KS Piatka U19"]
[WhiteTeamCountry "POL"]
[BlackTeamCountry "POL"]

1. e4 c5 2. Nf3 e6 3. d4 cxd4 4. Nxd4 Nc6 5. Nc3 Qc7 6. Be3 a6 7. Qd2 Nf6 8. f3 Bb4 9. 0-0-0 0-0 10. g4 Ne5 11. h4 d5 12. Kb1 Nxf3 13. Nxf3 Nxe4 14. Qh2 Bd6 15. Qg2 Nxc3+ 16. bxc3 Qxc3 17. Bd4 Qb4+ 18. Ka1 Re8 19. Rb1 Qa4 20. Bb2 e5 21. Ng5 Be7 22. Qf3 Bxg5 23. hxg5 Bxg4 24. Qd3 Qe4 25. Rh4 Qxd3 26. Bxd3 e4 27. Rxg4 exd3 28. cxd3 Rac8 29. Rc1 Rxc1+ 30. Bxc1 Re1 31. Kb2 g6 32. Rd4 Re5 33. Kb3 h5 34. Rb4 b5 35. a4 f6 36. axb5 axb5 37. gxf6 g5 38. Rxb5 Rf5 39. Bb2 Kf7 40. Rb7+ Kg6 41. Kb4 h4 42. Rg7+ Kh6 43. Rg8 Kh7 44. f7 Rxf7 45. Rxg5 Rf4+ 46. Kc5 Rf3 47. Rxd5 Kg6 48. Rd6+ Kh5 49. Be5 Rf2 50. d4 Kg4 51. Rg6+ Kh5 52. Rg8 1-0

[Event "POL-chT U19 40th"]
[Site "Chotowa"]
[Date "2009.07.??"]
[Round "1"]
[White "Weichhold, Pawel"]
[Black "Kowalski, Lukasz"]
[Result "1-0"]
[WhiteElo "2082"]
[BlackElo "2052"]
[PlyCount "109"]
[EventDate "2009.07.06"]
[EventType "team-tourn"]
[EventRounds "9"]
[EventCountry "POL"]
[SourceTitle "EXT 2012"]
[Source "ChessBase"]
[SourceDate "2011.11.24"]
[SourceVersion "1"]
[SourceVersionDate "2011.11.24"]
[SourceQuality "1"]
[WhiteTeam "Koszalin Hetman Politechnika U19"]
[BlackTeam "Skierniewice KS Piatka U19"]
[WhiteTeamCountry "POL"]
[BlackTeamCountry "POL"]

1. e4 c5 2. Nf3 e6 3. d4 cxd4 4. Nxd4 Nc6 5. Nc3 Qc7 6. Be3 a6 7. Bd3 Nf6 8. 0-0 Ne5 9. h3 b5 10. a4 b4 11. Nce2 Bb7 12. Ng3 h5 13. f4 Nc4 14. Bxc4 Qxc4 15. Qd3 Rc8 16. b3 Qc7 17. e5 Nd5 18. Bd2 Qb6 19. a5 Qa7 20. Kh1 Nc3 21. f5 h4 22. fxe6 dxe6 23. Nxe6 hxg3 24. Be3 Be4 25. Qd2 Qb7 26. Ng5 Bg6 27. Bd4 Be7 28. Nf3 Nb5 29. e6 f6 30. Qf4 Nxd4 31. Qxd4 Qb5 32. Rad1 Rd8 33. Qg4 Rh6 34. Qxg3 Qb8 35. Qg4 Kf8 36. Rxd8+ Qxd8 37. Ne5 Qe8 38. Qc4 Kg8 39. Nc6 Kh7 40. Rf4 Bd6 41. Rd4 Bc7 42. Rd7 Bf5 43. Rxc7 Qh5 44. Qd5 Qg6 45. Ne7 Rxh3+ 46. Kg1 Rh1+ 47. Kxh1 Qh6+ 48. Kg1 Qe3+ 49. Kf1 Qc1+ 50. Kf2 Qf4+ 51. Qf3 Qh4+ 52. g3 Qd4+ 53. Qe3 Qd6 54. Nxf5 Qxc7 55. Qe4 1-0

[Event "POL-ch U18"]
[Site "Chotowa"]
[Date "2009.04.01"]
[Round "7"]
[White "Kowalski, Lukasz"]
[Black "Tofil, Borys"]
[Result "0-1"]
[WhiteElo "2082"]
[BlackElo "2125"]
[PlyCount "76"]
[EventDate "2009.03.28"]
[EventType "swiss"]
[EventRounds "11"]
[EventCountry "POL"]
[SourceTitle "EXT 2011"]
[Source "ChessBase"]
[SourceDate "2010.11.26"]
[SourceVersion "1"]
[SourceVersionDate "2010.11.26"]
[SourceQuality "1"]

1. e4 g6 2. d4 Bg7 3. Nc3 d6 4. Be3 a6 5. Qd2 b5 6. g3 Bb7 7. Bg2 Nd7 8. f4 Nb6 9. 0-0-0 Nf6 10. d5 Nc4 11. Qd3 Nxe3 12. Qxe3 Nd7 13. h4 Nb6 14. b3 h5 15. Nge2 b4 16. Nb1 a5 17. Nd2 a4 18. Kb1 axb3 19. cxb3 Rxa2 20. e5 Qa8 21. Nc1 Ra1+ 22. Kc2 Nxd5 23. Bxd5 Bxd5 24. exd6 cxd6 25. Rhe1 0-0 26. Qxe7 Qc6+ 27. Kd3 Qc3+ 28. Ke2 Bf6 29. Qe3 Qc8 30. Kf2 Bc3 31. Re2 Bb2 32. Nc4 Bxc1 33. Rxc1 Rxc1 34. Qxc1 Qh3 35. Qg1 Qg4 36. Nd2 Rc8 37. Qe1 Qh3 38. Re3 Qh2+ 0-1

[Event "POL-chT U19 1th League"]
[Site "Gorzow Wielkopolski"]
[Date "2008.07.09"]
[Round "5.2"]
[White "Piesik, Piotr"]
[Black "Kowalski, Lukasz"]
[Result "1/2-1/2"]
[WhiteElo "2150"]
[BlackElo "2095"]
[PlyCount "144"]
[EventDate "2008.07.05"]
[EventType "team-tourn"]
[EventRounds "9"]
[EventCountry "POL"]
[SourceTitle "EXT 2019"]
[Source "ChessBase"]
[SourceDate "2018.10.10"]
[SourceVersion "1"]
[SourceVersionDate "2018.10.10"]
[SourceQuality "1"]
[WhiteTeam "Czestochowa UKS Hetman U19"]
[BlackTeam "Skierniewice KS Piatka U19"]
[WhiteTeamCountry "POL"]
[BlackTeamCountry "POL"]

1. Nf3 Nf6 2. g3 d5 3. Bg2 c6 4. 0-0 Bg4 5. d3 Nbd7 6. Nbd2 e5 7. e4 Bd6 8. b3 0-0 9. Bb2 Re8 10. h3 Bh5 11. g4 Bg6 12. Nh4 Nxe4 13. dxe4 Qxh4 14. exd5 cxd5 15. Nf3 Qe7 16. Qxd5 Nf6 17. Qd1 e4 18. Nh4 Rad8 19. Qe2 Bb8 20. Nxg6 hxg6 21. Rfd1 Rxd1+ 22. Rxd1 Qc7 23. c4 e3 24. fxe3 Ne4 25. Bxe4 Rxe4 26. Bd4 f5 27. Qg2 Qe7 28. gxf5 g5 29. f6 Qe8 30. Qxg5 g6 31. f7+ Qxf7 32. Rf1 Qe8 33. Qd5+ Qe6 34. Qxb7 Be5 35. Bxe5 Rxe5 36. Qb8+ Kh7 37. Rf8 Kg7 38. Rg8+ Qxg8 39. Qxe5+ Kh6 40. h4 Qc8 41. Kh2 Kh7 42. Kg3 Qd7 43. h5 Qd2 44. hxg6+ Kxg6 45. Qe6+ Kh7 46. Qf7+ Kh8 47. Qh5+ Kg7 48. Qg5+ Kh8 49. a4 Qe2 50. Kf4 Qf2+ 51. Kg4 Qe2+ 52. Kf5 Qd3+ 53. Kf6 Qd8+ 54. Kg6 Qe8+ 55. Kf5 Qd7+ 56. Ke5 Qd3 57. Qh6+ Kg8 58. Qe6+ Kg7 59. c5 Qxe3+ 60. Kd6 Qd4+ 61. Kc6 Qb4 62. Qe3 Qb8 63. Qe7+ Kh8 64. Qb7 Qe8+ 65. Kc7 Qe5+ 66. Kd7 Qg7+ 67. Kc8 Qf8+ 68. Kc7 Qf4+ 69. Kc6 Qf3+ 70. Kc7 Qf4+ 71. Kd8 Qf8+ 72. Kd7 Qf7+ 1/2-1/2

[Event "POL-ch U18"]
[Site "Leba"]
[Date "2008.03.31"]
[Round "4"]
[White "Wcislo, Damian"]
[Black "Kowalski, Lukasz"]
[Result "1-0"]
[WhiteElo "2127"]
[BlackElo "2104"]
[PlyCount "94"]
[EventDate "2008.03.29"]
[EventType "swiss"]
[EventRounds "11"]
[EventCountry "POL"]
[SourceTitle "CBM 123 Extra"]
[Source "ChessBase"]
[SourceDate "2008.05.06"]
[SourceVersion "1"]
[SourceVersionDate "2008.05.06"]
[SourceQuality "1"]

1. d4 d5 2. c4 e6 3. Nc3 Nf6 4. Nf3 Bb4 5. Qa4+ Nc6 6. e3 0-0 7. a3 Bxc3+ 8. bxc3 a6 9. Qc2 dxc4 10. Bxc4 b5 11. Bd3 Bb7 12. 0-0 Ne7 13. e4 h6 14. Qe2 c5 15. Rd1 cxd4 16. cxd4 Nc6 17. e5 Nd5 18. Qe4 f5 19. exf6 Qxf6 20. Qh7+ Kf7 21. Ne5+ Ke8 22. Ng4 Qe7 23. Re1 Kd7 24. Qe4 h5 25. Ne5+ Nxe5 26. Qxe5 Qf6 27. f3 h4 28. h3 Rac8 29. Bg5 Qxe5 30. dxe5 Rc3 31. Be4 Rh8 32. Kf2 Rh5 33. Bd2 Rb3 34. Bg6 Rh8 35. Ra2 b4 36. axb4 Nxb4 37. Bxb4 Rxb4 38. Rd1+ Ke7 39. Rad2 Bc6 40. Be4 Bb5 41. Ke3 Rc8 42. Kf4 Bc6 43. Kg5 Bxe4 44. Rd7+ Ke8 45. fxe4 Rb1 46. R1d6 Rb2 47. Ra7 Rxg2+ 1-0

[Event "Kochan Memorial op-B 18th"]
[Site "Koszalin"]
[Date "2007.08.12"]
[Round "8"]
[White "Kowalski, Lukasz"]
[Black "Wierzbicka, Wiktoria"]
[Result "0-1"]
[WhiteElo "2085"]
[BlackElo "1987"]
[PlyCount "104"]
[EventDate "2007.08.05"]
[EventType "swiss"]
[EventRounds "9"]
[EventCountry "POL"]
[SourceTitle "EXT 2011"]
[Source "ChessBase"]
[SourceDate "2010.11.26"]
[SourceVersion "1"]
[SourceVersionDate "2010.11.26"]
[SourceQuality "1"]

1. e4 c5 2. Nc3 Nc6 3. f4 g6 4. Nf3 Bg7 5. Bc4 e6 6. 0-0 Nge7 7. f5 d5 8. exd5 exd5 9. fxg6 hxg6 10. Bb5 Qd6 11. Ne2 Bg4 12. g3 a6 13. Bxc6+ Nxc6 14. d3 Nd4 15. Bf4 Nxf3+ 16. Rxf3 Qe7 17. Re3 Bd4 18. Nxd4 Qxe3+ 19. Bxe3 Bxd1 20. Rxd1 cxd4 21. Bxd4 Rh5 22. Bf6 Kd7 23. g4 Rh3 24. Bg5 Re8 25. Rf1 Rh7 26. Rf2 Re1+ 27. Kg2 f5 28. gxf5 Re5 29. h4 Rxf5 30. Re2 Rhf7 31. d4 Rf1 32. c3 a5 33. a3 a4 34. Rc2 R1f5 35. Kg3 Rf8 36. c4 Rf3+ 37. Kg4 Rd3 38. Bh6 Rxd4+ 39. Kg5 Rg8 40. cxd5 Rxd5+ 41. Kg4 Rc8 42. Rf2 Rc4+ 43. Rf4 Rxf4+ 44. Kxf4 Ke6 45. Bg7 Rd2 46. Bc3 Rf2+ 47. Kg5 Rg2+ 48. Kf4 Kd5 49. Bf6 b5 50. Bg7 Kc4 51. Be5 Kb3 52. Bg7 Rxb2 0-1

[Event "POL-chT U19 2nd League"]
[Site "Lublin"]
[Date "2007.07.14"]
[Round "10"]
[White "Kowalski, Lukasz"]
[Black "Wcislo, Damian"]
[Result "1-0"]
[WhiteElo "2085"]
[BlackElo "2099"]
[PlyCount "76"]
[EventDate "2007.07.07"]
[EventType "team-swiss"]
[EventRounds "11"]
[EventCountry "POL"]
[SourceTitle "EXT 2010"]
[Source "ChessBase"]
[SourceDate "2010.11.25"]
[SourceVersion "1"]
[SourceVersionDate "2010.11.25"]
[SourceQuality "1"]
[WhiteTeam "Skierniewice KS Piatka U19"]
[BlackTeam "Trzebinia UKS Hetman Koronny U19"]
[WhiteTeamCountry "POL"]
[BlackTeamCountry "POL"]

1. e4 c5 2. Nc3 Nc6 3. Bb5 Nd4 4. Bc4 e6 5. Nge2 Nf6 6. 0-0 d5 7. exd5 exd5 8. Nxd4 dxc4 9. Nf3 h6 10. Qe2+ Be6 11. Ne5 Bd6 12. f4 Bxe5 13. fxe5 Nd7 14. Nb5 0-0 15. Nd6 Qh4 16. c3 Bd5 17. d3 cxd3 18. Qxd3 Be6 19. Bf4 c4 20. Qe3 b6 21. Rad1 Nc5 22. Rd4 Rad8 23. Rf3 Qh5 24. Rg3 Kh8 25. Qd2 Nd3 26. h3 Rd7 27. Re3 Rc7 28. Bg3 Rc5 29. b4 Rc7 30. Ree4 Qg6 31. Kh2 Bf5 32. Rh4 Re7 33. Nxc4 f6 34. exf6 Rxf6 35. Rd8+ Kh7 36. Nd6 Ne5 37. Nxf5 Rxf5 38. Ra8 Rh5 1-0

[Event "POL-ch U16"]
[Site "Leba"]
[Date "2007.03.30"]
[Round "9"]
[White "Kolosowski, Mateusz"]
[Black "Kowalski, Lukasz"]
[Result "1/2-1/2"]
[WhiteElo "2216"]
[BlackElo "2123"]
[PlyCount "26"]
[EventDate "2007.03.24"]
[EventType "swiss"]
[EventRounds "11"]
[EventCountry "POL"]
[SourceTitle "EXT 2011"]
[Source "ChessBase"]
[SourceDate "2010.11.26"]
[SourceVersion "1"]
[SourceVersionDate "2010.11.26"]
[SourceQuality "1"]

1. e4 c5 2. Nf3 e6 3. d4 cxd4 4. Nxd4 Nf6 5. Nc3 Bb4 6. e5 Ne4 7. Ndb5 0-0 8. Qd4 Nxc3 9. bxc3 Nc6 10. Qe3 Be7 11. Bd3 a6 12. Nd4 Qa5 13. Nxc6 Qxc3+ 1/2-1/2

[Event "POL-ch U16"]
[Site "Leba"]
[Date "2007.03.24"]
[Round "1"]
[White "Kowalski, Lukasz"]
[Black "Mamak, Wojciech"]
[Result "1-0"]
[WhiteElo "2123"]
[BlackElo "1940"]
[PlyCount "61"]
[EventDate "2007.03.24"]
[EventType "swiss"]
[EventRounds "11"]
[EventCountry "POL"]
[SourceTitle "EXT 2011"]
[Source "ChessBase"]
[SourceDate "2010.11.26"]
[SourceVersion "1"]
[SourceVersionDate "2010.11.26"]
[SourceQuality "1"]

1. e4 c5 2. Nc3 Nc6 3. Bb5 Nd4 4. Bc4 e6 5. Nge2 a6 6. a4 g6 7. 0-0 Bg7 8. d3 d6 9. Nxd4 cxd4 10. Ne2 Ne7 11. Bg5 h6 12. Bxe7 Qxe7 13. f4 0-0 14. Ng3 Bd7 15. Qd2 b5 16. axb5 axb5 17. Rxa8 Rxa8 18. Bb3 Kh7 19. Qb4 Be8 20. e5 Qd8 21. exd6 Ra6 22. Ne4 Rb6 23. Ra1 f5 24. Ra7 Kh8 25. d7 Bxd7 26. Nc5 Bc8 27. Ra8 Qf8 28. Qa5 Rc6 29. Nxe6 Qe8 30. Qe1 Kh7 31. Ng5+ 1-0

[Event "Warsaw AIG Life rapid 6th"]
[Site "Warsaw"]
[Date "2006.12.17"]
[Round "9"]
[White "Kowalski, Lukasz"]
[Black "Klundt, Klaus"]
[Result "1/2-1/2"]
[WhiteElo "2088"]
[BlackElo "2373"]
[PlyCount "43"]
[EventDate "2006.12.16"]
[EventType "swiss (rapid)"]
[EventRounds "13"]
[EventCountry "POL"]
[SourceTitle "CBM 115 Extra"]
[Source "ChessBase"]
[SourceDate "2007.01.10"]
[SourceVersion "1"]
[SourceVersionDate "2007.01.10"]
[SourceQuality "1"]

1. e4 c5 2. Nc3 Nc6 3. Bb5 d6 4. Bxc6+ bxc6 5. d3 g6 6. f4 Bg7 7. Nf3 e6 8. 0-0 Ne7 9. Qe1 0-0 10. e5 Nf5 11. Ne4 Rb8 12. Qf2 c4 13. g4 dxe5 14. fxe5 cxd3 15. Rd1 Ne7 16. Bg5 Rxb2 17. Nf6+ Bxf6 18. Bxf6 Rxc2 19. Qe3 Nd5 20. Qxd3 Qb6+ 21. Nd4 Rb2 22. Rab1 1/2-1/2

[Event "POL-ch U16"]
[Site "Leba"]
[Date "2006.03.31"]
[Round "9"]
[White "Leniart, Arkadiusz"]
[Black "Kowalski, Lukasz"]
[Result "1-0"]
[WhiteElo "2281"]
[BlackElo "2050"]
[PlyCount "71"]
[EventDate "2006.03.25"]
[EventType "swiss"]
[EventRounds "11"]
[EventCountry "POL"]
[SourceTitle "CBM 111 Extra"]
[Source "ChessBase"]
[SourceDate "2006.05.09"]
[SourceVersion "1"]
[SourceVersionDate "2006.05.09"]
[SourceQuality "1"]

1. d4 d5 2. c4 e6 3. Nc3 Nf6 4. cxd5 exd5 5. Bg5 c6 6. Qc2 Be7 7. e3 Nbd7 8. Bd3 0-0 9. Nge2 Re8 10. 0-0 Nf8 11. f3 h6 12. Bh4 b6 13. Rad1 Bb7 14. Bf2 c5 15. Bb5 N8d7 16. dxc5 Bxc5 17. Nf4 a6 18. Bxd7 Qxd7 19. e4 d4 20. Nfe2 Qc7 21. Nxd4 Bd6 22. g3 h5 23. Qd2 Be5 24. Qg5 Bc8 25. f4 Nh7 26. Qxh5 Nf6 27. Qg5 Nh7 28. Qh5 Nf6 29. Qh4 Bxd4 30. Bxd4 Nxe4 31. Nxe4 Rxe4 32. Qg5 f5 33. Bxg7 Qxg7 34. Rd8+ Kh7 35. Qh5+ Qh6 36. Rh8+ 1-0

[Event "POL-ch U16"]
[Site "Leba"]
[Date "2006.03.30"]
[Round "8"]
[White "Baturo, Tomasz"]
[Black "Kowalski, Lukasz"]
[Result "0-1"]
[WhiteElo "2021"]
[BlackElo "2050"]
[PlyCount "92"]
[EventDate "2006.03.25"]
[EventType "swiss"]
[EventRounds "11"]
[EventCountry "POL"]
[SourceTitle "CBM 111 Extra"]
[Source "ChessBase"]
[SourceDate "2006.05.09"]
[SourceVersion "1"]
[SourceVersionDate "2006.05.09"]
[SourceQuality "1"]

1. e4 c5 2. Nf3 a6 3. d4 cxd4 4. Nxd4 Nf6 5. Bd3 e5 6. Nb3 Qc7 7. a4 b6 8. 0-0 Bb7 9. Qe2 Be7 10. Nc3 d6 11. Rd1 0-0 12. Be3 Nbd7 13. f3 Nc5 14. Bc4 Kh8 15. Nxc5 bxc5 16. Rd2 h6 17. Rad1 Qa5 18. Qd3 Bc8 19. f4 Rb8 20. b3 Ng4 21. Nd5 Bd8 22. Bf2 Nxf2 23. Rxf2 Bb7 24. Ne3 exf4 25. Rxf4 Bg5 26. Rxf7 Rxf7 27. Bxf7 Rf8 28. Bc4 Qc7 29. Nf5 d5 30. Bxd5 Bxd5 31. exd5 Qe5 32. Ng3 Be3+ 33. Kh1 Rf4 34. Rf1 Bf2 35. Ne2 c4 36. bxc4 Rf5 37. g3 Bc5 38. Nf4 Kg8 39. Kg2 g5 40. Ne6 Rxf1 41. Qxf1 Qe4+ 42. Qf3 Qxc2+ 43. Kh3 Be7 44. c5 h5 45. Qxh5 Qf5+ 46. Qg4 Qf1# 0-1

[Event "POL-ch U16"]
[Site "Leba"]
[Date "2006.03.28"]
[Round "5"]
[White "Kowalski, Lukasz"]
[Black "Gluszko, Tomasz"]
[Result "1/2-1/2"]
[WhiteElo "2050"]
[BlackElo "2075"]
[PlyCount "64"]
[EventDate "2006.03.25"]
[EventType "swiss"]
[EventRounds "11"]
[EventCountry "POL"]
[SourceTitle "CBM 111 Extra"]
[Source "ChessBase"]
[SourceDate "2006.05.09"]
[SourceVersion "1"]
[SourceVersionDate "2006.05.09"]
[SourceQuality "1"]

1. e4 c5 2. Nf3 Nc6 3. d4 cxd4 4. Nxd4 Nf6 5. Nc3 d6 6. f3 e6 7. Be3 Be7 8. Qd2 d5 9. exd5 Nxd5 10. Nxd5 Qxd5 11. Bd3 Bh4+ 12. g3 Nxd4 13. Bxd4 Bg5 14. Qc3 e5 15. Bc5 Bd7 16. Bc4 Bd2+ 17. Qxd2 Qxc4 18. 0-0-0 0-0-0 19. Be7 Qxa2 20. Qc3+ Bc6 21. b3 Rxd1+ 22. Rxd1 Re8 23. Bd6 f6 24. Rd5 Qa6 25. Kb2 Qb6 26. f4 e4 27. Ra5 a6 28. Bc5 Qc7 29. Ra1 Qd7 30. Be3 Re6 31. Qc5 Qd6 32. Qa7 Qb8 1/2-1/2

[Event "POL-ch U16"]
[Site "Leba"]
[Date "2006.03.28"]
[Round "6"]
[White "Smola, Michal"]
[Black "Kowalski, Lukasz"]
[Result "0-1"]
[WhiteElo "1986"]
[BlackElo "2050"]
[PlyCount "98"]
[EventDate "2006.03.25"]
[EventType "swiss"]
[EventRounds "11"]
[EventCountry "POL"]
[SourceTitle "CBM 111 Extra"]
[Source "ChessBase"]
[SourceDate "2006.05.09"]
[SourceVersion "1"]
[SourceVersionDate "2006.05.09"]
[SourceQuality "1"]

1. e4 c5 2. Nf3 e6 3. d4 cxd4 4. Nxd4 Nc6 5. Be3 Nf6 6. Bd3 d5 7. Nd2 e5 8. Nxc6 bxc6 9. c3 Be7 10. 0-0 0-0 11. h3 Re8 12. Qc2 Be6 13. f4 exf4 14. Bxf4 h6 15. e5 Bc5+ 16. Kh1 Nh5 17. Bh2 Qh4 18. Nf3 Ng3+ 19. Bxg3 Qxg3 20. Rae1 Bb6 21. Bf5 Bc7 22. Bxe6 Rxe6 23. Qf2 Qxf2 24. Rxf2 Rae8 25. Rfe2 f6 26. Nd4 Rxe5 27. Rxe5 fxe5 28. Nxc6 a5 29. b4 a4 30. b5 e4 31. Nb4 Re5 32. Nc6 Re6 33. Nd4 Rf6 34. Kg1 Kf8 35. g4 Bb6 36. Kg2 g6 37. Re2 Ke7 38. Nc6+ Kd6 39. c4 e3 40. cxd5 Kxd5 41. Rc2 Ke4 42. Nb4 Rd6 43. Rc4+ Rd4 44. Rxd4+ Bxd4 45. Nc2 e2 46. Ne1 Bb6 47. h4 Ke3 48. h5 gxh5 49. gxh5 Kd2 0-1